000 00969nam a2200265 a 4500
001 BRCA_4526
005 20190320204714.0
008 040830s1988----mx-#######---#000-0#spa-#
020 _a9688375012
041 _aspa
044 _amx
050 4 _aPQ6353
_b.O85 1988
100 1 _aOsterc, Lúdovik
_911464
245 1 0 _aEl pensamiento social y político del Quijote
_binterpretación histórico-materialista
_cLúdovik Osterc.
250 _a3a ed. aum.
260 _aMéxico:
_bUNAM, Instituto de Investigaciones Filológicas
_c1988
300 _a370 p.
_c21 cm.
440 0 _aCuadernos del Instituto de Investigaciones Filológicas
_v15
_911465
504 _aBibliografía: p. [365]-368
600 1 4 _aCervantes Saavedra, Miguel de
_d1547-1616
_tEl Ingenioso Hidalgo Don Quijote de la Mancha
_911466
650 1 4 _aProblemas sociales en la literatura
_911467
710 2 _aUNAM
_bInstituto de Investigaciones Filológicas
_911468
902 _aCERV
942 _2lcc
_cB
999 _c4232
_d4232